[Event "Europe Echecs Blitz May op"]
[Site "Europe Echecs INT"]
[Date "2021.05.09"]
[Round "10"]
[White "Trannoy, Arthur"]
[Black "Heng, Jim"]
[Result "0-1"]
[WhiteElo "1895"]
[BlackElo "1921"]
[PlyCount "86"]
[EventDate "2021.05.09"]
[EventType "swiss (blitz)"]
[EventRounds "11"]
[EventCountry "FRA"]
[SourceTitle "CBM 202 Extra"]
[Source "ChessBase"]
[SourceDate "2021.07.31"]
[SourceVersion "1"]
[SourceVersionDate "2021.07.31"]
[SourceQuality "1"]

1. e4 e5 2. Bc4 Nf6 3. d4 exd4 4. Nf3 d5 5. exd5 Be7 6. Qxd4 0-0 7. 0-0 Nbd7 8. Nc3 Nb6 9. Bb3 Bg4 10. Ne5 Bh5 11. h3 c6 12. g4 Bg6 13. Nxg6 hxg6 14. Rd1 c5 15. Qd3 Bd6 16. Be3 Rc8 17. Bc4 Re8 18. Bg5 a6 19. Re1 Qc7 20. Bxf6 gxf6 21. Kg2 Kg7 22. Re3 Rxe3 23. fxe3 Qe7 24. e4 Qe5 25. Rh1 Re8 26. Bb3 Rc8 27. Bc4 Nxc4 28. Qxc4 Qg3+ 29. Kf1 b5 30. Qe2 b4 31. Nd1 c4 32. Qf2 Qe5 33. c3 Qxe4 34. Rg1 Re8 35. Rg2 Bc5 36. Qe2 Qd3 37. Qxd3 cxd3 38. cxb4 Bxb4 39. Rg3 Re1+ 40. Kf2 Rxd1 41. a3 Be1+ 42. Kf3 Bxg3 43. Kxg3 d2 0-1

[Event "Cappelle Online Blitz op"]
[Site "Europe Echecs INT"]
[Date "2021.03.07"]
[Round "7"]
[White "Haussernot, Cecile"]
[Black "Trannoy, Arthur"]
[Result "1-0"]
[WhiteElo "2171"]
[BlackElo "1895"]
[PlyCount "55"]
[EventDate "2021.03.07"]
[EventType "swiss (blitz)"]
[EventRounds "11"]
[EventCountry "FRA"]
[SourceTitle "CBM 201 Extra"]
[Source "ChessBase"]
[SourceDate "2021.05.31"]
[SourceVersion "1"]
[SourceVersionDate "2021.05.31"]
[SourceQuality "1"]

1. e4 c5 2. Nf3 g6 3. d4 cxd4 4. Nxd4 Bg7 5. Nc3 Nc6 6. Be3 Nf6 7. Bc4 d6 8. Bb3 Ng4 9. Nxc6 bxc6 10. Bd4 e5 11. Be3 Nxe3 12. fxe3 0-0 13. 0-0 Be6 14. Qd3 Bxb3 15. axb3 Qc7 16. Ra6 Bh6 17. Kh1 Rfd8 18. Qc4 Bxe3 19. Nd5 Qb7 20. Nxe3 d5 21. Qxc6 Qxc6 22. Rxc6 dxe4 23. Ng4 Rd2 24. Nf6+ Kg7 25. Nxe4 Re2 26. Nd6 Rd8 27. Rxf7+ Kh6 28. Nf5+ 1-0

[Event "Cappelle Online Blitz op"]
[Site "Europe Echecs INT"]
[Date "2021.03.07"]
[Round "4"]
[White "Trannoy, Arthur"]
[Black "Juhasz, Barbara"]
[Result "1/2-1/2"]
[WhiteElo "1895"]
[BlackElo "2211"]
[PlyCount "129"]
[EventDate "2021.03.07"]
[EventType "swiss (blitz)"]
[EventRounds "11"]
[EventCountry "FRA"]
[SourceTitle "CBM 201 Extra"]
[Source "ChessBase"]
[SourceDate "2021.05.31"]
[SourceVersion "1"]
[SourceVersionDate "2021.05.31"]
[SourceQuality "1"]

1. d4 Nf6 2. Nc3 d5 3. Bf4 g6 4. e3 Bg7 5. h4 h5 6. Be2 c6 7. Nf3 Nbd7 8. Ne5 Nxe5 9. Bxe5 Kf8 10. f3 b5 11. Qd2 Be6 12. Nd1 Nd7 13. Bxg7+ Kxg7 14. Nf2 Nf6 15. Nd3 Qd6 16. Kf2 Rab8 17. a4 b4 18. a5 Nd7 19. Ra4 c5 20. dxc5 Nxc5 21. Nxc5 Qxc5 22. Qd4+ Qxd4 23. exd4 Bf5 24. c4 bxc3 25. bxc3 Rb2 26. Rb4 Ra2 27. a6 Bd3 28. Re1 Bxa6 29. Kf1 Bxe2+ 30. Rxe2 Ra1+ 31. Kf2 e6 32. c4 dxc4 33. Rxc4 Rb8 34. d5 exd5 35. Rc7 a5 36. Ree7 Ra2+ 37. Ke3 Rf8 38. g4 hxg4 39. fxg4 Ra4 40. Kf3 Kf6 41. Red7 Ke6 42. Rb7 d4 43. Ra7 f6 44. Re7+ Kd5 45. Red7+ Kc4 46. Rac7+ Kd3 47. Rc6 g5 48. h5 f5 49. Rcd6 f4 50. h6 Rh8 51. h7 Ra1 52. Rg6 Rh1 53. Rxg5 R8xh7 54. Rxh7 Rxh7 55. Kxf4 a4 56. Ra5 Kc2 57. Rxa4 d3 58. Rc4+ Kb2 59. Ke3 Rd7 60. Kd2 Kb3 61. Rf4 Rd5 62. g5 Rxg5 63. Kxd3 Rd5+ 64. Ke4 Rb5 65. Kf3 1/2-1/2

[Event "FRA-chT1 1011"]
[Site "France"]
[Date "2010.11.14"]
[Round "3.4"]
[White "Trannoy, Arthur"]
[Black "Sarakauskas, Gediminas"]
[Result "1-0"]
[WhiteElo "1899"]
[BlackElo "2450"]
[PlyCount "61"]
[EventDate "2010.10.17"]
[EventType "team-tourn"]
[EventRounds "11"]
[EventCountry "FRA"]
[SourceTitle "EXT 2012"]
[Source "ChessBase"]
[SourceDate "2011.11.24"]
[SourceVersion "1"]
[SourceVersionDate "2011.11.24"]
[SourceQuality "1"]

1. e4 c5 2. Nf3 e6 3. g3 d5 4. exd5 exd5 5. d4 Nc6 6. Bg2 Bg4 7. 0-0 Nxd4 8. Qe1+ Be6 9. Nxd4 cxd4 10. Nd2 Be7 11. Nb3 Bf6 12. Qb4 Qb6 13. Qxb6 axb6 14. Rd1 Ra4 15. Bf1 Bd7 16. Bf4 Ne7 17. Bc7 Nc8 18. Re1+ Kf8 19. a3 d3 20. c3 Bb5 21. Rad1 Re4 22. Bg2 Re7 23. Rxe7 Nxe7 24. Nc1 d4 25. cxd4 Bxd4 26. Nxd3 g6 27. Ne5 Nf5 28. g4 f6 29. Nxg6+ hxg6 30. gxf5 Rh7 31. Bd6+ 1-0